000 02704nam a22003857a 4500
003 OSt
005 20260602100919.0
007 a
008 260602b |||||||| |||| 00| 0 eng d
040 _aFoundation University
_beng
_cFoundation University
_erda
050 _aGS (MBA-FS) LG 221 D35 G73
_bA5 B87 1998 M36
100 _aManingo, Edward V.,
_eauthor.
_916339
245 0 0 _aPre-feasibility study on implementing an integrated solid waste management system in the proposed Metro Dumaguete area /
_cby Edward V. Maningo.
260 _aDumaguete City :
_bFoundation University,
_c1998.
264 _41998.
300 _3feasibility study
_axv, 64 leaves :
_bill. (some color.) ; photographs ;
_c28 cm.
_fleaves
336 _3rdacontent
_atext
_btxt
337 _3rdamedia
_aunmediated
_bn
338 _2rdacarrier
_3MBA-FS
_avolume
_bnc
490 _aMBA-FS
500 _aFeasibility study submitted to Foundation University.
502 _aGraduate feasibility study (Master in Business Administration) -- Foundation University, 1998.
504 _aIncludes bibliographical references and appendixes.
520 _aAbstract This pre-feasibility study assessed the viability of implementing an integrated solid waste management system in the proposed Metro Dumaguete area. The study examined waste generation, collection, segregation, recycling, disposal practices, institutional arrangements, and inter-local government cooperation in addressing solid waste concerns. It evaluated possible strategies for sustainable waste management, resource recovery, environmental protection, and compliance with ecological waste management policies. The findings were intended to support planning and decision-making for a coordinated solid waste management program among local government units within the Metro Dumaguete area. The concept of a Metro Dumaguete solid waste management program was developed through inter-LGU collaboration among Dumaguete City and neighboring municipalities to promote resource sharing and sustainable waste management practices. :contentReference[oaicite:0]{index=0}
650 _aSolid waste management
_zPhilippines.
_916942
650 _aRefuse and refuse disposal.
_916943
650 _aWaste minimization.
_916944
650 _aEnvironmental management.
_916894
650 _aRecycling (Waste, etc.)
_916945
650 _aSustainable development.
_95988
658 _aCapstone/Thesis Writing 2 :
_bBusiness Administration, Master in.
_cMBA214
711 _aFoundation University,
_eissuing body.
_916705
900 0 _4Sapalaran, James O., cataloger
942 _2lcc
_cFS
_hLG 221 D35 G73
_iA5 B87 1998 M36
_kGS (MBA-FS)
_n0
999 _c6212
_d6212